| 000 | 00812nam a22002417a 4500 | ||
|---|---|---|---|
| 005 | 20170124105940.0 | ||
| 010 | _aA-939829 | ||
| 020 |
_c00.00 _a8172251246 |
||
| 035 | _aA-939829 | ||
| 037 | _bCen Lib/Ret | ||
| 040 |
_aDPL _bEN |
||
| 082 |
_a363.7 _bKOT |
||
| 100 |
_aKothandaraman, H. _910874 |
||
| 245 |
_aPrinciples of environmental chemistry / _cby H. Kothandaraman [and] Geetha Swaminathan |
||
| 260 |
_aChennai _bB. I. Publications _c1997 |
||
| 270 |
_a150, Mount Road _bChennai _e600002 |
||
| 300 |
_aiv,361p. _c21cm(Hb) |
||
| 500 | _aIncludes bibliographic references and index | ||
| 650 |
_aEnvironmental chemistry _910875 |
||
| 650 |
_aEnvironmental chemistry--Study and teaching (Secondary) _910876 |
||
| 700 |
_aSwaminathan, Geetha _910877 |
||
| 942 |
_2ddc _cEN _h363.7 _mKOT |
||
| 999 |
_c124472 _d124472 |
||